00750 2200253 4500001002100000005001700021008004100038020002200079035002400101040001200125082002600137090003000163100001900193245010300212250001200315260003400327300003600361650002800397700001300425700001400438850001200452990001600464990001600480YOGYA-1012000000032520121030075606.0 ind  a978-979-012-073-0 0010-101200000000325 aYOPDYOG 2[22]a647.955 982 643 aCoE 647.955 982 643 PRA w aPrasto Wardoyo aWaroeng Cangkrukan Suroboyo :bCak Pras, Cak Roes, Cak Sis /cPrasto Wardoyo, Roesdiono, Siswanto. aCet. 1. aSurabaya :bTiara Aksa,c2008 avii, 92 hlm. :bilus. ;c23 cm. aRumah makan -zSurabaya aSiswanto aRoesdiono aYOPDYOG a152-PD/A.12 a153-PD/A.12